Statistiques concernant main event ufc numéroté 2022

Cliquez ici pour prendre le quiz!

Statistiques générales

  • Ce quiz a été pris 121 fois
  • Le résultat moyen est 9 sur 13

Statistiques - réponses

UFCmain event% Correct
270Ngannou/Gane
100%
280Oliveira/Makhachev
98%
281Adesanya/Pereira
96%
271Adesanya/Whittaker
92%
274Oliveira/Gaethje
92%
276Adesanya/Cannonier
91%
278Usman/Edwards
91%
273Volkanovski/ the korean zombie
86%
275Texeira/Prochazka
58%
272Covington/Masvidal
45%
277Pena/Nunes
38%
279Diaz/ferguson
36%
282Blachowicz/Ankalaev
24%

Distribution des résultats

Percentile par nombre de réponses

% des personnes avec chaque résultat

Votre développement - résultats

Vous n’avez pas pris ce quiz